000 00717nam a2200205 4500
001 85190
003 BD-RjUL
005 20250713155232.0
008 250713s1941 pk ||||| |||| 00| p urd d
035 _a(BD-RjUL) 85190
040 _aBD-RjUL
_beng
_cBD-RjUL
041 _aurd
082 _223
_a891.4391
_bWAT 1961
100 _aوحشت،,) / Waḥshat
_d 1881-1956
_916009
245 _aترانۂ وحشت : کلام خان بہادر رضا على وحشت کلکتوى / Tarānah-yi Vaḥshat : Kalām-i K̲h̲ān Bahādur Raz̤ā ʻAlī Waḥshat Kalkatvī /
_cوحشت،,, / Vaḥshat
260 _aLahore:
_b,مکتبہ جدید
_c1961
300 _aV. ;
_c17 cm
650 _aUrdu Poetry
942 _2ddc
_cBK
999 _c85190
_d85190